| 000 | 00000nam##2200000za#4500 |
| 001 | 9.615266 |
| 003 | CaOODSP |
| 005 | 20200514165620 |
| 007 | ta |
| 008 | 150406|2000||||xxc||||| f|0| 0 eng|d |
| 020 | |a0-662-29326-6 |
| 040 | |aCaOODSP|beng |
| 043 | |an-cn--- |
| 086 | 1 |aNH18-23/61E |
| 110 | 2 |aCanada Mortgage and Housing Corporation. |
| 245 | 10|aInternational experiences with performance-based planning |
| 260 | |aOttawa - Ontario : |bCanada Mortgage and Housing Corporation |c2000. |
| 300 | |a4p. ; |c28 cm. |
| 490 | 1 |aResearch highlight. Socio-economic series |v61 |
| 563 | |aPamphlet |
| 590 | |a00-51|b2000-12-29 |
| 690 | 07|aHousing|2gcpds |
| 690 | 07|aPerformance indicators|2gcpds |
| 775 | 08|tLa planification fondée sur le rendement: étude de cas à l'étranger |w(CaOODSP)9.625522 |
| 776 | 0#|tInternational experiences with performance-based planning |w(CaOODSP)9.571740 |
| 830 | #0|aResearch highlight. Socio-economic series ;|v61|w(CaOODSP)9.514827 |
| 986 | |aNHA 2266 |